000 00999nam a22003137a 4500
003 CHAP
005 20220817042151.0
008 971013s r 00010 d
010 _a36526
011 _a37498
035 _a41618
040 _cCHAP
090 _aFolleto 4026
110 _aMéxico. Dirección General de Agricultura
245 _aMetas indicativas para la producción de algodón pacas
_b: primavera-verano 1973-73
260 _a(s.l. :
_bs.e.),
_c(s.a.)
300 _as.p.
590 _aBATCH-UPD
_b10
_c20130110
_lUCH01
_h1153
590 _aBATCH-UPD
_b10
_c20130410
_lUCH01
_h0736
590 _aBATCH-UPD
_b10
_c20130914
_lUCH01
_h0106
590 _aCONVERSION
_b10
_c20130109
_lUCH01
_h1320
650 1 4 _aAlgodon
_xAspectos economicos
_xMexico.
_93974
650 1 4 _aAlgodon
_xEstadisticas.
_94009
650 1 4 _aAlgodon
_xMercadeo.
_94036
650 1 4 _aAlgodón
_xRendimiento.
_94053
901 _aBK
942 _cFOLL
949 _aFolleto 4026
_bBC
_cFOLL
_d-95564
_eTS1
_i41618
_mD
_si
999 _c36526
_d36526